Experimental design in psychology: a case approach / Kimberly M. Maclin (Record no. 22241)

000 -LEADER
fixed length control field 00523nam a2200157 4500
020 ## - INTERNATIONAL STANDARD BOOK NUMBER
ISBN 9781032456492
082 ## - DEWEY DECIMAL CLASSIFICATION NUMBER
Classification number 150.72
Item number M165e 2024
100 ## - MAIN ENTRY--AUTHOR NAME
Personal name Maclin, Kimberly M., author
245 ## - TITLE STATEMENT
Title Experimental design in psychology: a case approach / Kimberly M. Maclin
250 ## - EDITION STATEMENT
Edition statement Tenth edition.
260 ## - PUBLICATION, DISTRIBUTION, ETC. (IMPRINT)
Place of publication New York, NY :
Name of publisher Routledge,
Year of publication c2024.
300 ## - PHYSICAL DESCRIPTION
Number of Pages xii, 436 pages :
Other physical details illustration (some color).
500 ## - GENERAL NOTE
General note Includes bibliographical reference and index
650 ## - SUBJECT ADDED ENTRY--TOPICAL TERM
Topical Term Psychology--Experiments.
942 ## - ADDED ENTRY ELEMENTS (KOHA)
Koha item type Electronic Books
Holdings
Source of acquisition Permanent Location Date acquired Collection code Koha item type Lost status Shelving location Withdrawn status Current Location Full call number
DonationCagayan State University - Carig Library2026-04-16E-BooksElectronic Books E-Resource Section Cagayan State University - Carig Library150.72 M165e 2024

Cagayan State University University Library, Carig Campus
Tuguegarao City, Cagayan 3500 | www.csucarig.edu.ph

Powered by Koha